000 00938nam a2200229Ii 4500
003 JO-AjNU
008 230605s9999||||xx |||||||||||||| ||und||
017 _a2008/53072
020 _a977-386-6
040 _aJO-AjNU
_bara
_erda
_cJO-AjNU
041 _aara
050 1 4 _aPJ7858.A24.A17 2009
100 3 _aقباني، نزار؛ دراسة وتقديم محمود عبد الحميد مصطفى؛ التنفيذ الفني محمد أحمد؛ الإشراف الفني إسلام محسن؛ الإشراف العام علي نور الدين,
_eauthor
_911610
245 0 0 _aنزار قباني: الأعمال الكاملة
250 _aط1
264 3 1 _aد.م: الدار العالمية للنشر والتوزيع، 2009
300 _a600ص
336 _atext
_btxt
_2rdacontent
337 _aunmediated
_bn
_2rdamedia
338 _avolume
_bnc
_2rdacarrier
650 4 _aالشعر العربي - سوريا - قرن 20
_911611
999 _aA2413
_c5981
_d5981